Bankovní sektor 1993.
Dokončenie prehľadu bankovej sústavy v ČR a údaje o bankových organizáciách na Slovensku.
Enregistré dans:
| Format: | Chapitre de livre |
|---|---|
| Langue: | tchèque |
| Sujets: | |
| Tags: |
Pas de tags, Soyez le premier à ajouter un tag!
|
MARC
| LEADER | 00000naa a2200000 4500 | ||
|---|---|---|---|
| 001 | r011449 | ||
| 005 | 20220826093318.8 | ||
| 041 | 0 | |a cze | |
| 044 | |a [CS] | ||
| 245 | 1 | 0 | |a Bankovní sektor 1993. |
| 520 | |a Dokončenie prehľadu bankovej sústavy v ČR a údaje o bankových organizáciách na Slovensku. | ||
| 610 | 2 | 0 | |a banky |
| 610 | 2 | 0 | |a Čechy |
| 610 | 2 | 0 | |a Slovensko |
| 610 | 2 | 0 | |a súpisy |